000 00296nam a2200109Ia 4500
008 230907s9999||||xx |||||||||||||| ||und||
082 _a658.26
_bBHA
100 _aBhattacharjee, Kaushik,
_9115794
245 0 _aIndustrial energy management strategies :
300 _axii, 294 pages :
942 _cBK
999 _c599565
_d599565